[Event "Lausanne YM op 9th"]
[Site "Lausanne"]
[Date "2008.09.20"]
[Round "2"]
[White "Emini, Emin"]
[Black "Ginsburg, Gennadij"]
[Result "0-1"]
[WhiteElo "2073"]
[BlackElo "2520"]
[PlyCount "68"]
[EventDate "2008.09.19"]
[EventType "swiss"]
[EventRounds "7"]
[EventCountry "SUI"]
[SourceTitle "CBM 126 Extra"]
[Source "ChessBase"]
[SourceDate "2008.11.05"]
[SourceVersion "1"]
[SourceVersionDate "2008.11.05"]
[SourceQuality "1"]

1. d4 d5 2. c4 e6 3. e3 Nf6 4. Qc2 Be7 5. a3 0-0 6. Nf3 b6 7. b3 Bb7 8. Nbd2 Nbd7 9. Bb2 c5 10. Rd1 Rc8 11. Qb1 cxd4 12. Nxd4 Nc5 13. N2f3 Nfe4 14. Be2 Bf6 15. Nb5 a6 16. Nbd4 Qe7 17. 0-0 dxc4 18. Bxc4 b5 19. Be2 g6 20. Ba1 e5 21. Nc2 Qe6 22. Nb4 Nxb3 23. Bxe5 Bxe5 24. Nxe5 Nc3 25. Bg4 Qxe5 26. Qxb3 Qe4 27. Bh3 Nxd1 28. Rxd1 Rfd8 29. Re1 Rc5 30. f3 Qc4 31. Qb2 Qc3 32. Re2 Qxb2 33. Rxb2 a5 34. Na2 Rd3 0-1